| 000 | 00335nam a22001217a 4500 | ||
|---|---|---|---|
| 999 |
_c15738 _d15738 |
||
| 003 | OSt | ||
| 008 | 190925b ||||| |||| 00| 0 eng d | ||
| 082 |
_a770.28 _bEAS/TA |
||
| 100 |
_a Eastman ,Kodak _94280 |
||
| 245 | _aTake Better Pictures : A Practical Guide to Creative Photography | ||
| 260 |
_b Kodak Company _c1983 |
||
| 942 | _cBK | ||